000 00335nam a2200133Ia 4500
008 240112s1968/JUL-DEC xx 000 0 und d
041 _aeng
082 _a616.05
100 _aELKINTON J.R.
245 _aANNUALS OF INTERNAL MEDICINE
260 _bLANCASTER PRESS
_c1968/JUL-DEC
300 _a1366,HB
_c(7-12)
440 _v69
999 _c1141242
_d1141242